The Viability of Union Digital Center under public-Private Partnership towards E-governance in Rural Bangladesh / (Record no. 81440)
[ view plain ]
| 000 -LEADER | |
|---|---|
| fixed length control field | 01009nam a2200241 a 4500 |
| 001 - CONTROL NUMBER | |
| RUCL Control Number | 81440 |
| 003 - CONTROL NUMBER IDENTIFIER | |
| rucl marc code | BD-RjUL |
| 005 - DATE AND TIME OF LATEST TRANSACTION | |
| control field | 20240110110521.0 |
| 008 - FIXED-LENGTH DATA ELEMENTS--GENERAL INFORMATION | |
| fixed length control field | 230523s2016 bg a|||| m||| 00| 0 eng d |
| 035 ## - SYSTEM CONTROL NUMBER | |
| system control number | (BD-RjUL)81440 |
| 040 ## - CATALOGING SOURCE | |
| Original cataloging agency | BD-RjUL |
| Language of cataloging | eng |
| Transcribing agency | BD-RjUL |
| Modifying agency | BD-RjUL |
| 041 ## - LANGUAGE CODE | |
| Language code of Book | eng |
| 082 ## - DEWEY DECIMAL CLASSIFICATION NUMBER | |
| DDC Edition number | 23 |
| Classification number | 353.977 |
| Author mark and Year | REV 2016 |
| 100 ## - MAIN ENTRY--PERSONAL NAME | |
| Personal name | Reza, Mahmud Ali Masud |
| 9 (RLIN) | 7617 |
| 245 ## - TITLE STATEMENT | |
| Title | The Viability of Union Digital Center under public-Private Partnership towards E-governance in Rural Bangladesh / |
| Statement of responsibility, etc | Mahmud Ali Masud Reza ; |
| Name of Supervisor/Co-Supervisor | Supervisor : Md. Fakrul Islam. |
| 260 ## - PUBLICATION, DISTRIBUTION, ETC. (IMPRINT) | |
| Place of publication, distribution, etc | Rajshahi : |
| Name of publisher, distributor, etc | Institute of Bangladesh Studies, University of Rajshahi, |
| Date of publication, distribution, etc | 2016. |
| 300 ## - PHYSICAL DESCRIPTION | |
| Pagination | xx. 240 leaves : |
| Other physical details | ill.; |
| Dimensions | 29 cm. |
| 502 ## - DISSERTATION NOTE | |
| Dissertation note | Thesis(Ph.D.)-- Institute of Bangladesh Studies,University of Rajshahi,2016 |
| 504 ## - BIBLIOGRAPHY, ETC. NOTE | |
| Bibliography, etc | Bibliography : Leaves 216-240 |
| 650 ## - SUBJECT ADDED ENTRY--TOPICAL TERM | |
| Topical term or geographic name as entry element | Public sdministration |
| General subdivision | Public-private sector cooperation |
| Form subdivision | Local government |
| Geographic subdivision | Bangladesh |
| 9 (RLIN) | 7618 |
| 700 ## - ADDED ENTRY--SUPERVISOR/CO-SUPERVISOR NAME | |
| Personal name | Islam, Md. Fakrul, Supervisor |
| 9 (RLIN) | 1395 |
| 942 ## - ADDED ENTRY ELEMENTS (KOHA) | |
| Source of classification or shelving scheme | Dewey Decimal Classification |
| Koha item type | Theses |
| Source of classification or shelving scheme | Damaged status | Not for loan | Collection code | Permanent Location | Current Location | Shelving location | Date of accession | Source of acquisition | Total Checkouts | Full call number | Barcode | Date last seen | Copy number | Thesis |
|---|---|---|---|---|---|---|---|---|---|---|---|---|---|---|
| Dewey Decimal Classification | Not For Loan | Theses | Central Library, University of Rajshahi | Central Library, University of Rajshahi | Documentation Section | 20/09/2017 | Controller of Exam. R.U. | THE 353.977 REV 2016 | D4067 | 23/05/2023 | C-1 | Theses |